000 02301cam a22004094a 4500
001 15963556
003 OSt
005 20230505121420.0
008 091027s2011 mou b 000 0 eng
020 _a0323044077
020 _a9780323044073
035 _a(DNLM)101518227
040 _aDNLM/DLC
_cLC
_dDLC
042 _apcc
050 0 0 _aRT55.L33
060 0 0 _aWY18.2
082 0 0 _a610.73076
_222
100 1 _aLaCharity, Linda A.
_91440
245 1 0 _aPrioritization, delegation, and assignment: practice exercises for medical-surgical nursing. /
_cLinda A. LaCharity, Candice K. Kumagai, Barbara Bartz.
260 _aSt. Louis, Mo. :
_bMosby,
_c2006.
300 _avii, 212 p. ;
_c28 cm.
505 _aContents: Introduction: Guidelines for prioritization, delegation and assignment decisions -- Prioritization, delegation and assignment in common health problems: Pain -- Cancer -- Fluid, electrolyte and acid-base problems -- Immunologic problems -- Respiratory problems -- Cardiovascular Problems -- Hematologic problems -- Neurologic problems -- Visual and auditory problems -- Musculoskeletal problems -- Gastrointestinal and nutritional problems -- Endocrine problems -- Integumentary problems -- Renal and urinary problems -- Reproductive problems -- Medical-surgical problems -- Prioritization, delegation and assignment in complex health scenarios: Chest pressure, indigestion, nausea and vomiting -- Dyspnea and shortness of bretah --
650 0 _aNursing
_vProblems, exercises, etc.
_91441
650 1 2 _aNursing Care
_xorganization & administration
_vCase Reports.
_91442
650 1 2 _aNursing Care
_xorganization & administration
_vExamination Questions.
_91443
650 2 2 _aDecision Making
_vCase Reports.
_91444
650 2 2 _aDecision Making
_vExamination Questions.
_91445
650 2 2 _aDelegation, Professional
_vCase Reports.
_91446
650 2 2 _aDelegation, Professional
_vExamination Questions.
_91447
650 2 2 _aNurse's Role
_vCase Reports.
_91448
650 2 2 _aNurse's Role
_vExamination Questions.
_91449
700 1 _aKumagai, Candice K.
_91450
700 1 _aBartz, Barbara.
_91451
906 _a7
_bcbc
_corignew
_d1
_eecip
_f20
_gy-gencatlg
942 _2lcc
_cBK
999 _c9596
_d17096